The Dreams Merchants. (Record no. 268006)

MARC details
000 -LEADER
fixed length control field 00441nam a2200181Ia 4500
008 - FIXED-LENGTH DATA ELEMENTS--GENERAL INFORMATION
fixed length control field 090630s9999 xx 000 0 und d
082 ## - DEWEY DECIMAL CLASSIFICATION NUMBER
Item number 16150
100 ## - MAIN ENTRY--PERSONAL NAME
Personal name Harold Robins.
245 ## - TITLE STATEMENT
Title The Dreams Merchants.
Statement of responsibility, etc Harold Robins.
260 ## - PUBLICATION, DISTRIBUTION, ETC. (IMPRINT)
Name of publisher, distributor, etc ---
300 ## - PHYSICAL DESCRIPTION
Extent 479
600 ## - SUBJECT ADDED ENTRY--PERSONAL NAME
Personal name Harold Robins.
630 ## - SUBJECT ADDED ENTRY--UNIFORM TITLE
Uniform title The Dreams Merchants.
655 ## - INDEX TERM--GENRE/FORM
Genre/form data or focus term English.
700 ## - ADDED ENTRY--PERSONAL NAME
Personal name Harold Robins.
730 ## - ADDED ENTRY--UNIFORM TITLE
Uniform title The Dreams Merchants.
942 ## - ADDED ENTRY ELEMENTS (KOHA)
Koha item type Book
Holdings
Withdrawn status Lost status Damaged status Not for loan Home library Current library Date acquired Cost, normal purchase price Total Checkouts Full call number Barcode Date last seen Cost, replacement price Price effective from Koha item type
        Sarvajanik Wachanalaya Shrivardhan Sarvajanik Wachanalaya Shrivardhan 02/08/2004 0.00   16150 SAWASHRI-16150 06/30/2009 0.00 06/30/2009 Book